000
00274nam a2200109Ia 4500
008
230907s9999||||xx |||||||||||||| ||und||
082
_a
152.334
_b
MAN
245
0
_a
Motor learning and control :
260
_a
McGraw-Hill,
_b
Australia :
_c
2014
300
_a
479 p.
942
_c
BK
999
_c
601057
_d
601057